<?xml version="1.0" encoding="UTF-8"?><?xml-stylesheet type="text/xsl" href="static/style.xsl"?><OAI-PMH xmlns="http://www.openarchives.org/OAI/2.0/" xmlns:xsi="http://www.w3.org/2001/XMLSchema-instance" xsi:schemaLocation="http://www.openarchives.org/OAI/2.0/ http://www.openarchives.org/OAI/2.0/OAI-PMH.xsd"><responseDate>2026-06-01T04:38:50Z</responseDate><request verb="GetRecord" identifier="oai:riuma.uma.es:10630/16819" metadataPrefix="marc">https://riuma.uma.es/rest/oai/request</request><GetRecord><record><header><identifier>oai:riuma.uma.es:10630/16819</identifier><datestamp>2026-02-03T10:27:23Z</datestamp><setSpec>com_10630_1685</setSpec><setSpec>col_10630_38056</setSpec></header><metadata><record xmlns="http://www.loc.gov/MARC21/slim" xmlns:dcterms="http://purl.org/dc/terms/" xmlns:doc="http://www.lyncode.com/xoai" xmlns:xsi="http://www.w3.org/2001/XMLSchema-instance" xsi:schemaLocation="http://www.loc.gov/MARC21/slim http://www.loc.gov/standards/marcxml/schema/MARC21slim.xsd">
   <leader>00925njm 22002777a 4500</leader>
   <datafield ind2=" " ind1=" " tag="042">
      <subfield code="a">dc</subfield>
   </datafield>
   <datafield ind2=" " ind1=" " tag="720">
      <subfield code="a">Navarro Lacambra, Ángela</subfield>
      <subfield code="e">author</subfield>
   </datafield>
   <datafield ind2=" " ind1=" " tag="720">
      <subfield code="a">Pérez-Jiménez, María Fátima</subfield>
      <subfield code="e">author</subfield>
   </datafield>
   <datafield ind2=" " ind1=" " tag="260">
      <subfield code="c">2018-11-08</subfield>
   </datafield>
   <datafield ind2=" " ind1=" " tag="520">
      <subfield code="a">La justicia de menores española ha sido objeto de distintos análisis por parte de la criminología y de la sociología del derecho penal, sin embargo, son pocas ocasiones en las que se ha abordado el tema de su legitimación. Recientemente se han hecho reflexiones en torno a la cuestión de si es o no necesario ampliar las pretensiones de la justicia procedimental al ámbito de menores, dándose argumentos suficientes que apuestan por llevar este modelo de justicia al entorno del menor.&#xd;
La justicia procedimental parte de que un trato justo y equitativo desde las instituciones lleva a un mayor cumplimiento y obediencia de las normas y decisiones judiciales, por ello resultara útil conocer la percepción sobre la legitimidad del proceso por parte de los menores infractores que se encuentran cumpliendo una medida judicial.</subfield>
   </datafield>
   <datafield ind1="8" ind2=" " tag="024">
      <subfield code="a">https://hdl.handle.net/10630/16819</subfield>
   </datafield>
   <datafield tag="653" ind2=" " ind1=" ">
      <subfield code="a">Derecho - Trabajos Fin de Master</subfield>
   </datafield>
   <datafield ind2="0" ind1="0" tag="245">
      <subfield code="a">La justicia procedimental, ¿cómo ven los menores infractores la justicia que se les aplica?</subfield>
   </datafield>
</record>
</metadata></record></GetRecord></OAI-PMH>